000 00219nmm a2200085Ia 4500
008 220120s9999||||xx |||||||||||||||||und||
100 _aCHIP magazine
245 0 _aPower tools pack; 7 free coffee cup apps.
260 _c2012
999 _c139886
_d139886